• 首页
  • 本馆介绍
  • 公告通知
  • 最新文献
  • 馆藏检索
  • 电子资源
  • 读者导购
  • 参考咨询
  • 我的图书馆
  • 登录
  • 详细信息显示
  • 放入我的书架
  • 预约/预借图书
  • 作者相关作品
  • 分类相关作品
  • 丛书相关作品
  • 出版社相关作品

书目信息

  • 表格格式
  • 工作单格式
  • 卡片格式
题名:
家庭孕育计划和产后康复
    
 
作者: 李力 , 郑秀惠 主编
分册:  
出版信息: 上海   上海世界图书出版公司  2019.11
页数: 136页
开本: 24cm
丛书名: 新时代“妇儿健康·优生科学”科普丛书
单 册:
中图分类: R169.1 , R715.3
科图分类:
主题词: 优生优育--you sheng you yu--基本知识 , 妊娠期--ren shen qi--妇幼保健--基本知识 , 产褥期--chan ru qi--妇幼保健--基本知识
电子资源:
ISBN: 978-7-5192-6770-4
000 01388nam0 2200301 450
001 2371277100
005 20231125194810.41
010    @a978-7-5192-6770-4@dCNY39.80
100    @a20191219d2019 em y0chiy50 ea
101 0  @achi
102    @aCN@b310000
105    @aa z 000yy
200 1  @a家庭孕育计划和产后康复@Ajia ting yun yu ji hua he chan hou kang fu@f李力, 郑秀惠主编
210    @a上海@c上海世界图书出版公司@d2019.11
215    @a136页@c彩图@d24cm
225 2  @a新时代“妇儿健康·优生科学”科普丛书@Axin shi dai “ fu er jian kang · you sheng ke xue ” ke pu cong shu@v4
314    @a李力, 陆军军医大学大坪医院妇产科中心主任、医学博士, 博士生导师。郑秀惠, 陆军军医大学大坪医院妇产科中心副主任、副教授等。
330    @a本书按时间线索分为三大篇, 准备怀孕开始、如何保证良好状态、怀孕期间可能遇到的问题以及产后哺乳产后修复等问题、内容包括受孕时的良好环境、患有疾病的年轻女性是否应该生育、影响女性不孕的因素有哪些等。本书结合较新的孕产理念, 为孕妈妈提供保健指导。
410  0 @12001 @a新时代“妇儿健康·优生科学”科普丛书@v4
606 0  @a优生优育@Ayou sheng you yu@x基本知识
606 0  @a妊娠期@Aren shen qi@x妇幼保健@x基本知识
606 0  @a产褥期@Achan ru qi@x妇幼保健@x基本知识
690    @aR169.1@v5
690    @aR715.3@v5
701  0 @a李力@Ali li@4主编
701  0 @a郑秀惠@Azheng xiu hui@4主编
801    @aCN@b山东中教@c20231121
905    @aBZT@dR169.1@e18
    
    家庭孕育计划和产后康复/李力, 郑秀惠主编.-上海:上海世界图书出版公司,2019.11
    136页:彩图;24cm.-(新时代“妇儿健康·优生科学”科普丛书;4)
    
    
    ISBN 978-7-5192-6770-4:CNY39.80
    本书按时间线索分为三大篇, 准备怀孕开始、如何保证良好状态、怀孕期间可能遇到的问题以及产后哺乳产后修复等问题、内容包括受孕时的良好环境、患有疾病的年轻女性是否应该生育、影响女性不孕的因素有哪些等。本书结合较新的孕产理念, 为孕妈妈提供保健指导。
●
相关链接 在五车中查询图书 在当当中查询图书 在豆瓣中查询图书


正题名:家庭孕育计划和产后康复     索取号:R169.1/18         预约/预借

序号 登录号 条形码 馆藏地/架位号 状态 备注
1 2001049172   2001049172   中教第一批/山东中教(第一批)/747/ [索取号:R169.1/18] 在馆    
2 2001049173   2001049173   中教第一批/山东中教(第一批)/747/ [索取号:R169.1/18] 在馆    
3 2001049174   2001049174   中教第一批/山东中教(第一批)/747/ [索取号:R169.1/18] 在馆    
4 2001049175   2001049175   中教第一批/山东中教(第一批)/747/ [索取号:R169.1/18] 在馆    
5 2001049176   2001049176   中教第一批/山东中教(第一批)/747/ [索取号:R169.1/18] 在馆    
6 2001049177   2001049177   中教第一批/山东中教(第一批)/747/ [索取号:R169.1/18] 在馆    
山东省滨州职业学院图书馆 欢迎您!
大连网信软件有限公司© 版权所有